|
|
|
|
| LEADER |
02193nam a2200505 i 4500 |
| 001 |
EBC1517626 |
| 003 |
MiAaPQ |
| 005 |
20200520144314.0 |
| 006 |
m o d | |
| 007 |
cr cnu|||||||| |
| 008 |
041117r20031968enk ob 001 0 eng|d |
| 020 |
|
|
|z 0415313864
|
| 020 |
|
|
|z 9780415607964 (pbk.)
|
| 020 |
|
|
|z 9780415313865
|
| 020 |
|
|
|a 9781315889054
|q (electronic bk.)
|
| 035 |
|
|
|a (MiAaPQ)EBC1517626
|
| 035 |
|
|
|a (Au-PeEL)EBL1517626
|
| 035 |
|
|
|a (CaPaEBR)ebr10794989
|
| 035 |
|
|
|a (CaONFJC)MIL542066
|
| 035 |
|
|
|a (OCoLC)863822210
|
| 040 |
|
|
|a MiAaPQ
|b eng
|e rda
|e pn
|c MiAaPQ
|d MiAaPQ
|
| 043 |
|
|
|a e-uk---
|
| 050 |
|
4 |
|a HC256.5
|b .H84 2003
|
| 082 |
0 |
|
|a 330.941/085
|2 22
|
| 100 |
1 |
|
|a Hutchison, T. W.
|q (Terence Wilmot)
|
| 245 |
1 |
0 |
|a Economics and economic policy in Britain, 1946-1966 :
|b some aspects of their interrelations /
|c T.W. Hutchison.
|
| 264 |
|
1 |
|a London ;
|a New York :
|b Routledge,
|c 2003.
|
| 300 |
|
|
|a 1 online resource (314 pages)
|
| 336 |
|
|
|a text
|2 rdacontent
|
| 337 |
|
|
|a computer
|2 rdamedia
|
| 338 |
|
|
|a online resource
|2 rdacarrier
|
| 440 |
|
0 |
|a Routledge library editions.
|p Economics
|
| 490 |
1 |
|
|a Methodology & philosophy of economics ;
|v I
|
| 500 |
|
|
|a Originally published: London : Allen & Unwin, 1968.
|
| 500 |
|
|
|a First issued in paperback 2010.
|
| 504 |
|
|
|a Includes bibliographical references and index.
|
| 588 |
|
|
|a Description based on print version record.
|
| 590 |
|
|
|a Electronic reproduction. Ann Arbor, MI : ProQuest, 2015. Available via World Wide Web. Access may be limited to ProQuest affiliated libraries.
|
| 651 |
|
0 |
|a Great Britain
|x Economic conditions
|y 1945-1964.
|
| 651 |
|
0 |
|a Great Britain
|x Economic conditions
|y 1964-1979.
|
| 655 |
|
4 |
|a Electronic books.
|
| 776 |
0 |
8 |
|i Print version:
|a Hutchison, T. W.
|t Economics and economic policy in Britain, 1946-1966 : some aspects of their interrelations.
|d London : Routledge, 2003
|h 307 pages ; 23 cm.
|k Routledge library editions. Economics
|z 9780415313865
|w (DLC) 2004559599
|
| 797 |
2 |
|
|a ProQuest (Firm)
|
| 830 |
|
0 |
|a Methodology & philosophy of economics ;
|v 1.
|
| 856 |
4 |
0 |
|u https://ebookcentral.proquest.com/lib/matrademy/detail.action?docID=1517626
|z Click to View
|